[Event "Dortmund Sparkassen op-B"]
[Site "Dortmund"]
[Date "2011.07.28"]
[Round "6"]
[White "Sohraby, Darjusch"]
[Black "Simon, Stefan"]
[Result "0-1"]
[WhiteElo "925"]
[BlackElo "1404"]
[PlyCount "52"]
[EventDate "2011.07.23"]
[EventType "swiss"]
[EventRounds "9"]
[EventCountry "GER"]
[SourceTitle "EXT 2013"]
[Source "ChessBase"]
[SourceDate "2012.11.22"]
[SourceVersion "1"]
[SourceVersionDate "2012.11.22"]
[SourceQuality "1"]

1. d4 d5 2. Nc3 Nf6 3. Nf3 Nc6 4. e3 a6 5. Bd3 Bg4 6. h3 Bh5 7. Bd2 e6 8. Be2 Bd6 9. a3 0-0 10. Nh2 Bxe2 11. Qxe2 Re8 12. Nf3 e5 13. dxe5 Nxe5 14. Nxe5 Bxe5 15. 0-0 Bxc3 16. Bxc3 d4 17. Bxd4 Qxd4 18. c3 Qe4 19. Rfd1 Rad8 20. Rd4 Rxd4 21. cxd4 Qxd4 22. Re1 Qb6 23. b4 h6 24. Qc4 Qd6 25. Rc1 c6 26. a4 Re4 0-1

[Event "Oberliga Sued W 1011"]
[Site "Germany"]
[Date "2011.04.10"]
[Round "9.8"]
[White "Simon, Stefan"]
[Black "Tschilingiri, Vladimir"]
[Result "1-0"]
[WhiteElo "2031"]
[BlackElo "1982"]
[PlyCount "61"]
[EventDate "2010.10.10"]
[EventType "team-tourn"]
[EventRounds "9"]
[EventCountry "GER"]
[SourceTitle "EXT 2012"]
[Source "ChessBase"]
[SourceDate "2011.11.24"]
[SourceVersion "1"]
[SourceVersionDate "2011.11.24"]
[SourceQuality "1"]
[WhiteTeam "Ludwigshafen"]
[BlackTeam "Worms"]
[WhiteTeamCountry "GER"]
[BlackTeamCountry "GER"]

1. Nf3 d5 2. g3 Nf6 3. Bg2 Bf5 4. d3 Nc6 5. 0-0 e5 6. c4 d4 7. b4 Nd7 8. b5 Ne7 9. Nh4 Qc8 10. e4 Be6 11. f4 f6 12. Nd2 a5 13. Ndf3 h6 14. fxe5 fxe5 15. a4 g5 16. Nf5 Ng6 17. Ne1 Nf6 18. Nxh6 Rxh6 19. Rxf6 Be7 20. Bxg5 Bxf6 21. Bxh6 Qd7 22. Qd2 b6 23. Nf3 0-0-0 24. c5 Rh8 25. Bg5 Qe7 26. cxb6 cxb6 27. Rc1+ Kb7 28. Bxf6 Qxf6 29. Nxd4 Bh3 30. Rc6 Qf7 31. Nf5 1-0

[Event "Dortmund op-B"]
[Site "Dortmund"]
[Date "2009.07.04"]
[Round "1"]
[White "Schueller, Tobias"]
[Black "Simon, Stefan"]
[Result "1-0"]
[WhiteElo "1632"]
[BlackElo "1095"]
[PlyCount "39"]
[EventDate "2009.07.04"]
[EventType "swiss"]
[EventRounds "9"]
[EventCountry "GER"]
[SourceTitle "EXT 2012"]
[Source "ChessBase"]
[SourceDate "2011.11.24"]
[SourceVersion "1"]
[SourceVersionDate "2011.11.24"]
[SourceQuality "1"]

1. e4 e5 2. Nc3 Nf6 3. Bc4 Bc5 4. d3 Nc6 5. f4 exf4 6. Bxf4 Bxg1 7. Rxg1 Nd4 8. Be3 c5 9. Bxd4 cxd4 10. Nb1 Ng4 11. Qxg4 0-0 12. Qg3 Qa5+ 13. Nd2 Qb4 14. 0-0-0 b5 15. Bb3 a5 16. a3 Qc5 17. Rdf1 b4 18. a4 Ba6 19. Rf5 Qc7 20. Qxc7 1-0

[Event "Dortmund Sparkassen op-B"]
[Site "Dortmund"]
[Date "2008.07.03"]
[Round "6"]
[White "Gollnick, Rainer"]
[Black "Simon, Stefan"]
[Result "1-0"]
[WhiteElo "1436"]
[BlackElo "1248"]
[PlyCount "99"]
[EventDate "2008.06.30"]
[EventType "swiss"]
[EventRounds "9"]
[EventCountry "GER"]
[SourceTitle "EXT 2022"]
[Source "ChessBase"]
[SourceDate "2021.10.06"]
[SourceVersion "1"]
[SourceVersionDate "2021.10.06"]
[SourceQuality "1"]

1. e4 e5 2. d4 exd4 3. c3 dxc3 4. Nxc3 Nc6 5. Bc4 Nf6 6. Nf3 Bc5 7. Bg5 h6 8. Bh4 d6 9. Nd5 Bb4+ 10. Nxb4 Nxb4 11. Qb3 d5 12. 0-0-0 Qd6 13. exd5 Qf4+ 14. Rd2 Ne4 15. Re1 0-0 16. Rxe4 Qxe4 17. Qxb4 Bf5 18. Rd3 a5 19. Qc3 Qf4+ 20. Re3 Rfe8 21. Bg3 Rxe3 22. Bxf4 Rxc3+ 23. bxc3 Re8 24. Be3 Re4 25. Nd4 Kf8 26. Bb3 Bg6 27. Bc2 Rg4 28. g3 Bxc2 29. Kxc2 Rg5 30. Bxg5 hxg5 31. Kb3 Ke8 32. c4 Kd7 33. Nf3 g4 34. Ne5+ Ke7 35. Nxg4 f6 36. a4 Kd6 37. h4 c6 38. Ne3 Ke5 39. d6 Kxd6 40. Nf5+ Ke6 41. Nxg7+ Kf7 42. Nf5 Kg6 43. g4 c5 44. f4 b6 45. Ne7+ Kf7 46. Nd5 Kg6 47. Nxb6 f5 48. h5+ Kf6 49. g5+ Kg7 50. Nd7 1-0

[Event "Dortmund Sparkassen op-B"]
[Site "Dortmund"]
[Date "2008.07.02"]
[Round "4"]
[White "Neumann, Joerg"]
[Black "Simon, Stefan"]
[Result "1-0"]
[WhiteElo "1570"]
[BlackElo "1248"]
[PlyCount "79"]
[EventDate "2008.06.30"]
[EventType "swiss"]
[EventRounds "9"]
[EventCountry "GER"]
[SourceTitle "EXT 2022"]
[Source "ChessBase"]
[SourceDate "2021.10.06"]
[SourceVersion "1"]
[SourceVersionDate "2021.10.06"]
[SourceQuality "1"]

1. e4 e5 2. Nf3 Nc6 3. Bb5 a6 4. Ba4 Nf6 5. 0-0 Be7 6. Re1 b5 7. Bb3 0-0 8. a4 b4 9. c3 Re8 10. a5 Bd6 11. Qc2 Qe7 12. h3 Bb7 13. d3 h6 14. Nbd2 Na7 15. Nf1 Nb5 16. Ng3 Qd8 17. Be3 c6 18. Nf5 Bc7 19. cxb4 Nd6 20. Nxd6 Bxd6 21. Qc4 Qe7 22. Bc5 Bxc5 23. bxc5 Rab8 24. Nh4 Kh7 25. Nf5 Qe6 26. Qc3 Nxe4 27. dxe4 Qg6 28. Nd6 Re7 29. Qc4 Ba8 30. Re3 Rf8 31. Qxa6 Rb8 32. Qa7 Rf8 33. Rg3 Qf6 34. Nf5 Ree8 35. Rxg7+ Kh8 36. Rg3 Rb8 37. Qc7 Rfd8 38. Qd6 Qxd6 39. Nxd6 f6 40. Nf7+ 1-0

[Event "Dortmund Sparkassen op-B"]
[Site "Dortmund"]
[Date "2008.07.01"]
[Round "2"]
[White "Ropers, Klaus"]
[Black "Simon, Stefan"]
[Result "0-1"]
[WhiteElo "1756"]
[BlackElo "1248"]
[PlyCount "92"]
[EventDate "2008.06.30"]
[EventType "swiss"]
[EventRounds "9"]
[EventCountry "GER"]
[SourceTitle "EXT 2022"]
[Source "ChessBase"]
[SourceDate "2021.10.06"]
[SourceVersion "1"]
[SourceVersionDate "2021.10.06"]
[SourceQuality "1"]

1. d4 d5 2. Nf3 Nf6 3. c4 e6 4. g3 Nfd7 5. Bg2 Be7 6. 0-0 0-0 7. b3 c6 8. Bb2 Bd6 9. Ne5 Bc7 10. Nd2 Nxe5 11. dxe5 Nd7 12. f4 dxc4 13. Nxc4 Nb6 14. Qc2 Qe7 15. Rad1 Nxc4 16. Qxc4 Rd8 17. e4 Bb6+ 18. Kh1 c5 19. Rxd8+ Qxd8 20. Qc1 Qe7 21. f5 Qf8 22. Bh3 Qe8 23. Qc4 Bd7 24. f6 g6 25. Bg2 Bb5 26. Qc2 Bxf1 27. Bxf1 Rd8 28. Bc3 Qd7 29. Be2 Qc7 30. Qc1 Kh8 31. Qe1 Qc6 32. Bc4 Qd7 33. Be2 c4 34. bxc4 Bd4 35. Kg2 Bxc3 36. Qxc3 h6 37. Qe3 Kh7 38. Qxa7 Qd2 39. Kf3 Qc3+ 40. Kf4 g5+ 41. Kg4 Qxe5 42. Qxb7 Qxf6 43. c5 h5+ 44. Kxh5 Qf2 45. Bc4 Qxh2+ 46. Kxg5 Rg8+ 0-1

[Event "Dortmund Sparkassen op-B"]
[Site "Dortmund"]
[Date "2008.06.30"]
[Round "1"]
[White "Simon, Stefan"]
[Black "Bonk, Andras"]
[Result "1/2-1/2"]
[WhiteElo "1248"]
[BlackElo "1647"]
[PlyCount "106"]
[EventDate "2008.06.30"]
[EventType "swiss"]
[EventRounds "9"]
[EventCountry "GER"]
[SourceTitle "EXT 2022"]
[Source "ChessBase"]
[SourceDate "2021.10.06"]
[SourceVersion "1"]
[SourceVersionDate "2021.10.06"]
[SourceQuality "1"]

1. e4 c5 2. Nf3 Nc6 3. d4 cxd4 4. Nxd4 Nf6 5. Nc3 e6 6. Be2 Bb4 7. Bf3 d5 8. Nxc6 bxc6 9. exd5 cxd5 10. 0-0 Bxc3 11. bxc3 Ba6 12. Re1 0-0 13. Bg5 Rc8 14. Qd2 Bc4 15. Qd4 a6 16. a3 Bb5 17. a4 Rc4 18. Qa7 Rxa4 19. Rxa4 Bxa4 20. Qxa6 Bxc2 21. Qe2 Bg6 22. Qe5 h6 23. Bh4 Bf5 24. h3 g5 25. Bg3 Be4 26. Be2 Nd7 27. Qd6 Re8 28. Bb5 Re7 29. Ra1 e5 30. Ra7 Bf5 31. Rb7 Qa8 32. Rc7 Qd8 33. Rb7 Qc8 34. Rc7 Qd8 35. Bxe5 Rxe5 36. Bxd7 Re1+ 37. Kh2 Bxd7 38. Rxd7 Qf8 39. Qxd5 Qb8+ 40. g3 Qf8 41. c4 Re2 42. Kg2 Re6 43. c5 Re7 44. c6 Rxd7 45. cxd7 Qd8 46. Qb7 Kf8 47. Qc8 Ke7 48. Qc5+ Kxd7 49. Qf5+ Ke7 50. Qe4+ Kf8 51. Qb4+ Qe7 52. Qb8+ Kg7 53. Qb2+ f6 1/2-1/2

[Event "Dortmund op-B"]
[Site "Dortmund"]
[Date "2007.07.01"]
[Round "9"]
[White "Simon, Stefan"]
[Black "Zelbel, Chantal"]
[Result "1-0"]
[WhiteElo "1000"]
[BlackElo "751"]
[PlyCount "69"]
[EventDate "2007.06.22"]
[EventType "swiss"]
[EventRounds "9"]
[EventCountry "GER"]
[SourceTitle "EXT 2008"]
[Source "ChessBase"]
[SourceDate "2007.11.25"]
[SourceVersion "1"]
[SourceVersionDate "2007.11.25"]
[SourceQuality "1"]

1. e4 e5 2. Nf3 Nc6 3. Bc4 Bc5 4. c3 Nf6 5. d4 exd4 6. cxd4 Bb4+ 7. Bd2 Nxe4 8. Bxb4 Nxb4 9. Bxf7+ Kxf7 10. Qb3+ Ke7 11. Qxb4+ Nd6 12. 0-0 Qf8 13. Re1+ Kd8 14. Nbd2 Nf5 15. Qxf8+ Rxf8 16. Re2 d6 17. Rae1 Bd7 18. Nb3 Bb5 19. Rc2 Bd3 20. Rcc1 Bb5 21. Ng5 Rf6 22. Nxh7 Rf7 23. Ng5 Rf8 24. Ne6+ Ke7 25. Rxc7+ Ke8 26. Nxg7+ Kd8 27. Ne6+ Ke8 28. Nxf8+ Kxf8 29. Rxb7 Bc6 30. Rc7 Bb5 31. Re6 Ng7 32. Rf6+ Kg8 33. Rg6 Re8 34. Rgxg7+ Kf8 35. Rcf7# 1-0

[Event "Dortmund op-B"]
[Site "Dortmund"]
[Date "2007.06.28"]
[Round "6"]
[White "Schuermann, Jan"]
[Black "Simon, Stefan"]
[Result "1-0"]
[WhiteElo "1438"]
[BlackElo "1000"]
[PlyCount "35"]
[EventDate "2007.06.22"]
[EventType "swiss"]
[EventRounds "9"]
[EventCountry "GER"]
[SourceTitle "EXT 2008"]
[Source "ChessBase"]
[SourceDate "2007.11.25"]
[SourceVersion "1"]
[SourceVersionDate "2007.11.25"]
[SourceQuality "1"]

1. e4 e5 2. Nf3 Nc6 3. Bb5 a6 4. Ba4 Nf6 5. 0-0 Be7 6. Re1 b5 7. Bb3 0-0 8. c3 d5 9. exd5 Nxd5 10. Nxe5 Nxe5 11. Rxe5 Nf6 12. d4 Bd6 13. Re1 Ng4 14. h3 Qh4 15. Qf3 Nxf2 16. Qxf2 Bg3 17. Qxf7+ Rxf7 18. Re8# 1-0

[Event "Dortmund op-B"]
[Site "Dortmund"]
[Date "2007.06.26"]
[Round "4"]
[White "Fahle, Karl Wilhelm"]
[Black "Simon, Stefan"]
[Result "0-1"]
[WhiteElo "1141"]
[BlackElo "1000"]
[PlyCount "71"]
[EventDate "2007.06.22"]
[EventType "swiss"]
[EventRounds "9"]
[EventCountry "GER"]
[SourceTitle "EXT 2008"]
[Source "ChessBase"]
[SourceDate "2007.11.25"]
[SourceVersion "1"]
[SourceVersionDate "2007.11.25"]
[SourceQuality "1"]

1. c4 e5 2. Nc3 Nf6 3. g3 Bc5 4. e3 Nc6 5. Bg2 0-0 6. Nf3 Re8 7. 0-0 d6 8. Nd5 Be6 9. Nxf6+ Qxf6 10. d3 Rad8 11. h4 Bg4 12. e4 Nd4 13. Bg5 Bxf3 14. Bxf6 Bxd1 15. Raxd1 gxf6 16. Kh2 Kh8 17. f4 Rf8 18. f5 Rg8 19. Bh3 Rg7 20. Rd2 Rdg8 21. Rg2 a6 22. Rff2 Nc6 23. Rf1 Nd4 24. Rff2 c6 25. g4 b5 26. Rg3 Ne6 27. Rf1 Nf4 28. Rd1 b4 29. b3 Bf2 30. Rg2 Bxh4 31. d4 Nxh3 32. Kxh3 Rxg4 33. Rd3 Be1 34. Rgg3 Rxg3+ 35. Rxg3 Rxg3+ 36. Kh2 0-1

[Event "Dortmund op-B"]
[Site "Dortmund"]
[Date "2007.06.24"]
[Round "3"]
[White "Simon, Stefan"]
[Black "Van Hove, Ode"]
[Result "0-1"]
[WhiteElo "1000"]
[BlackElo "1484"]
[PlyCount "60"]
[EventDate "2007.06.22"]
[EventType "swiss"]
[EventRounds "9"]
[EventCountry "GER"]
[SourceTitle "EXT 2008"]
[Source "ChessBase"]
[SourceDate "2007.11.25"]
[SourceVersion "1"]
[SourceVersionDate "2007.11.25"]
[SourceQuality "1"]

1. e4 e5 2. Nf3 f5 3. exf5 e4 4. Ne5 Nf6 5. d4 d6 6. Ng4 Bxf5 7. Nxf6+ Qxf6 8. Bc4 c6 9. d5 Be7 10. 0-0 Nd7 11. Nc3 Qg6 12. Re1 Ne5 13. Be2 0-0 14. Bh5 Qf6 15. Qd2 Qh4 16. Bd1 Bg6 17. g3 Qh3 18. Nxe4 Nf3+ 19. Bxf3 Rxf3 20. Ng5 Bxg5 21. Qxg5 Rxf2 22. Kxf2 Qxh2+ 23. Kf1 Rf8+ 24. Bf4 Qh1+ 25. Ke2 Qg2+ 26. Ke3 Re8+ 27. Kd4 c5+ 28. Kc4 Qxc2+ 29. Kb5 Bd3+ 30. Ka5 b6# 0-1

[Event "Dortmund Sparkassen op-B"]
[Site "Dortmund"]
[Date "2006.08.06"]
[Round "9"]
[White "Dirks, Rainer"]
[Black "Simon, Stefan"]
[Result "1-0"]
[WhiteElo "984"]
[BlackElo "754"]
[PlyCount "60"]
[EventDate "2006.07.28"]
[EventType "swiss"]
[EventRounds "9"]
[EventCountry "GER"]
[SourceTitle "CBM 113 Extra"]
[Source "ChessBase"]
[SourceDate "2006.09.14"]
[SourceVersion "1"]
[SourceVersionDate "2006.09.14"]
[SourceQuality "1"]

1. e4 e5 2. Nf3 Nc6 3. Nc3 Bc5 4. Bb5 a6 5. Bxc6 dxc6 6. d3 Nf6 7. Nxe5 Qd4 8. Be3 Qd6 9. d4 0-0 10. Nf3 Bb4 11. e5 Qe6 12. exf6 Qxf6 13. 0-0 Qg6 14. Ne5 Qe6 15. Qf3 Be7 16. b3 Bg5 17. Bxg5 f6 18. d5 cxd5 19. Qxd5 fxe5 20. Qxe6+ Bxe6 21. Ne4 Bf5 22. f3 Rf7 23. Rad1 h6 24. Be3 Raf8 25. c4 Rd7 26. Rxd7 Bxd7 27. Nc5 Rd8 28. Nxb7 Rb8 29. Nc5 Be6 30. Nxe6 Re8 1-0

[Event "Dortmund Sparkassen op-B"]
[Site "Dortmund"]
[Date "2006.08.02"]
[Round "5"]
[White "Simon, Stefan"]
[Black "Ruecker, Bastian"]
[Result "0-1"]
[WhiteElo "754"]
[BlackElo "1282"]
[PlyCount "30"]
[EventDate "2006.07.28"]
[EventType "swiss"]
[EventRounds "9"]
[EventCountry "GER"]
[SourceTitle "CBM 113 Extra"]
[Source "ChessBase"]
[SourceDate "2006.09.14"]
[SourceVersion "1"]
[SourceVersionDate "2006.09.14"]
[SourceQuality "1"]

1. e4 e5 2. Nf3 Nc6 3. Bc4 Bc5 4. c3 Nf6 5. d4 exd4 6. cxd4 Bb4+ 7. Bd2 Nxe4 8. Bxb4 Nxb4 9. Bxf7+ Kxf7 10. Qb3+ d5 11. Ne5+ Ke8 12. Qxb4 c5 13. dxc5 Qe7 14. Qb5+ Kf8 15. Nd3 Nc3+ 0-1